ბათუმის შოთა რუსთაველის სახელმწიფო უნივერსიტეტის ბიბლიოთეკა

ადგილობრივი ფლორა : (ბიბ.ჩანაწერი № 37582)

000 -ლიდერი
ფიქსირებული სიგრძის საკონტროლო ველი 01530nam a2200289Ia 4500
001 - საკონტროლო ნომერი
საკონტროლო ველი 3553
003 - საკონტროლო ნომრის იდენტიფიკატორი
საკონტროლო ველი GE_BSU
005 - ბოლო ოპერაციის თარიღი და დრო
საკონტროლო ველი 20210413114105.0
008 - ფიქსირებული სიგრძის მონაცემთა ელემენტები - ზოგადი ინფორმაცია
ფიქსირებული სიგრძის საკონტროლო ველი 181216s2000||||ge |||||||||||||| ||geo||
020 ## - წიგნის საერთაშორისო სტანდარტული ნომერი
International Standard Book Number 9992844884
040 ## - კატალოგიზაციის წყარო
Transcribing agency GE_BSU
041 ## - ენის კოდი
Language code of text/sound track or separate title geo
080 ## - უნივერსალური ათობითი კლასიფიკაციის ინდექსი
Universal Decimal Classification number 581.9(075.8) გ–14
100 ## - მთავარი ჩანაწერი - პიროვნების სახელი
Personal name გაგნიძე, რევაზ.
9 (RLIN) 2515
245 ## - ცნობა სათაურის შესახებ
Title ადგილობრივი ფლორა :
Remainder of title საქართველოს მცენარეთა სამყარო : სახელმძღვ. უმაღ. სასწ.-თვის /
Statement of responsibility, etc რედ.: ნ. ზაზანაშვილი, მ. ჭურაძე.
264 ## - წარმოების, გამოცემის, დისტრიბუციის და სხვა ცნობები
გამოცემის, წარმოების, დისტრიბუციის... ადგილი ბათუმი :
გამოცემის, წარმოების, დისტრიბუციის... სახელწოდება აჭარა,
გამოცემის, წარმოების, დისტრიბუციის... თარიღი 2000.
300 ## - ფიზიკური აღწერა
Extent 274 გვ.
Other physical details სურ. ;
Dimensions 21 სმ.
653 ## - INDEX TERM--UNCONTROLLED
Uncontrolled term საქართველოს მცენარეები
653 ## - INDEX TERM--UNCONTROLLED
Uncontrolled term საქართველოს ფიტოგეოგრაფიული დაყოფა
653 ## - INDEX TERM--UNCONTROLLED
Uncontrolled term საქართველოს ფლორის ანალიზი
653 ## - INDEX TERM--UNCONTROLLED
Uncontrolled term საქართველოს ფლორის ენდემიზმი
653 ## - INDEX TERM--UNCONTROLLED
Uncontrolled term საქართველოს ფლორის რელიქტები
700 ## - ADDED ENTRY--PERSONAL NAME
Personal name დავითაძე, მურმან
Relator term ავტორი
9 (RLIN) 2516
700 ## - ADDED ENTRY--PERSONAL NAME
Personal name ზაზანაშვილი, ნ.
Relator term რედაქტორი
9 (RLIN) 2522
700 ## - ADDED ENTRY--PERSONAL NAME
Personal name ჭურაძე, მ.
Relator term რედაქტორი
9 (RLIN) 2523
942 ## - ADDED ENTRY ELEMENTS (KOHA)
Koha item type წიგნი
Source of classification or shelving scheme
ეგზემპლარები
ჩამოწერის სტატუსი დაკარგული ეგზემპლარის სტატუსი კლასიფიკაციის წყარო ან თაროზე გაწყობის სქემა დაზიანების სტატუსი არ გაიცემა მუდმივი მდებარეობა (დაცვის ადგილი) ამჟამინდელი ადგილსამყოფელი თაროზე განთავსების ადგილი შეძენის თარიღი სრული შენახვის შიფრი შტრიხკოდი ბოლო ოპერაციის თარიღი ეგზემპლარის მიმდევრობითი ნომერი (კეტერი?) ფასის ძალაში შესვლის თარიღი ეგზემპლარის სახეობა საჯარო შენიშვნა ღირებულება, შესყიდვის ნორმალური ფასი
          ბათუმის შოთა რუსთაველის სახელმწიფო უნივერსიტეტის მთავარი ბიბლიოთეკა ბათუმის შოთა რუსთაველის სახელმწიფო უნივერსიტეტის მთავარი ბიბლიოთეკა წიგნსაცავი 2018-12-17 581.9(075.8) გ–14 5039 2018-12-17 5039 2018-12-17 წიგნი  
          ბათუმის შოთა რუსთაველის სახელმწიფო უნივერსიტეტის მთავარი ბიბლიოთეკა ბათუმის შოთა რუსთაველის სახელმწიფო უნივერსიტეტის მთავარი ბიბლიოთეკა წიგნსაცავი 2018-12-17 581.9(075.8) გ–14 4937 2018-12-17 4937 2018-12-17 წიგნი    
          ბათუმის შოთა რუსთაველის სახელმწიფო უნივერსიტეტის მთავარი ბიბლიოთეკა ბათუმის შოთა რუსთაველის სახელმწიფო უნივერსიტეტის მთავარი ბიბლიოთეკა წიგნსაცავი 2021-04-13 581.9(075.8) გ–14 29234 2021-04-13 29234 2021-04-13 წიგნი 8.00 8.00
          ბათუმის შოთა რუსთაველის სახელმწიფო უნივერსიტეტის მთავარი ბიბლიოთეკა ბათუმის შოთა რუსთაველის სახელმწიფო უნივერსიტეტის მთავარი ბიბლიოთეკა წიგნსაცავი 2022-02-17 581.9(075.8) გ–14 62110 2022-02-17 62110 2022-02-17 წიგნი 20.00 20.00